Normal view
MARC view
- Eastman, Peter
Entry Personal Name
001 - CONTROL NUMBER
- control field: 107946
003 - CONTROL NUMBER IDENTIFIER
- control field: NUST
005 - DATE AND TIME OF LATEST TRANSACTION
- control field: 20230127152411.0
008 - FIXED-LENGTH DATA ELEMENTS
- fixed length control field: 230127|| aca||aabn | a|a d
040 ## - CATALOGING SOURCE
- Original cataloging agency: NUST
- Transcribing agency: NUST
100 ## - HEADING--PERSONAL NAME
- Personal name: Eastman, Peter
- Titles and other words associated with a name: (Software developer)
670 ## - SOURCE DATA FOUND
- Source citation: Work cat.: (NUST)0: Ramsundar, Bharath, author. 107943, Deep learning for the life sciences :
